LDR 00620naa#a2200169#i#450# 001 EN\\bibl\121662 005 20260606145354.6 011 ## _a2500-1795 100 ## _a20260525b2026####ek#y0engy0150####ca 102 ## _aRU 200 1# _aEXISTENTIAL ISSUES IN ISLAM KHANIPAEV'S NOVEL «JUST ME. DIARY OF A SUPER COOL WARRIOR» IN THE CONTEXT OF RUSSIAN LITERATURE ON CHILDHOOD _eJournal article 210 1# _aNizhnevartovsk _cNizhnevartovsk State University _d2026 215 ## _a9 с. 608 ## _aJournal article _2local 675 ## _aРусская литература. 821.161.1 _z 700 #1 _aSebeleva _gAnastasiya V. 856 4# _avestnik.nvsu.ru _u